00354nam a22001097a 4500003000400000082001700004100001100021245014800032260002500180300000700205653003200212SGT a617.63bE26M aMuskan aEvaluation of the changes in maxillary sinus mucosal thickening and maxillary ostium before & after sinus augmentation during implant placement aGurugrambSGTUc2026 a91 aOral Medicine and Radiology